Регионална библиотека "Любен Каравелов" - Русе

Отчетен доклад за дейността на Окръжния съвет на БПС и Окръжната профсъюзна организация през периода от март 1985 до март 1987 г. (Запис номер 447144)

MARC детайли
000 -Лидер
Контролно поле с фиксирана дължина 00993nam a2200265 a 4500
003 - Код на организацията, давaща контролен номер
Контролно поле BLK
005 - Дата и час на последна редакция
Контролно поле 20230628142040.0
008 - Елементи от данни с фиксирана дължина
fixed length control field 220304b bul|||||r ||||||| ||bul||
040 ## - Източник на каталожния запис
Идентификатор на билиотеката - собственик на записа BLK
041 ## - Код за език
Код за езика на текст/звукозапис или на отделно заглавие Български
Код за езика КДБФ Български
080 ## - УДК
Текстов определител УДК Профсъюзно движение. Професионални съюзи
УДК код - определител по УДК 331.105.5
УДК определител (062)
УДК - код + определител 331.105.5(062)
139 ## - Редно поле
Авторски знак Отч - О 95
245 10 - Сведения за заглавието
Заглавие Отчетен доклад за дейността на Окръжния съвет на БПС и Окръжната профсъюзна организация през периода от март 1985 до март 1987 г.
Физически носител (вид на носителя) [Малотир. изд.]
257 ## - Страна на издаване
Страна на създаване/издаване България
260 ## - Област на издателските данни
Място на издаване, разпространение и проч. Русе
Име на издателя, разпространителя и проч. БПС
Година на издаване 1987
9 (RLIN) 211562
Издателство - префикс ISBN 954-9782-
300 ## - Физическа характеристика
Страници 66 с.
Размери/Мащаб 20 см
380 ## - Жанр
Жанр Обществени науки
653 #7 - Ключова дума – ненормативна
Ключова дума профсъюзно движение
9 (RLIN) 194825
653 #7 - Ключова дума – ненормативна
Ключова дума синдикати
9 (RLIN) 196621
852 ## - Местоположение
Фондова буква Краезнание
Систематично-азбучна сигнатура К 33/О-95
856 4# - Електронен адрес и достъп
Електронен формат pdf - файл
856 4# - Електронен адрес и достъп
Електронен формат pdf - файл
999 ## - СИСТЕМНИ КОНТРОЛНИ НОМЕРА
Koha biblionumber 447144
Koha biblioitemnumber 447144
942 ## - АРТИКУЛИ
Вид на библиотечния материал Книги
Скрит в OPAC Не
Периодичен библиозапис Да
Koha issues (borrowed), all copies 1
944 ## - СЪЗДАВАНЕ И РЕДАКЦИЯ на ЗАПИСА
Създаване/Редакция Създаване
Дата на регистрацията/редакция 2022-03-04
Служител, извършил регистрацията/редакцията нр
Наличности
Код за отписване Код за изгубен артикул Източник на класификационната схема Код за повреда Коз за рестрикции Код за отдаване Артикулен № Име на библиотеката - собственик Име на библиотеката, в която се намира в момента Статус (Текущо местоположение) Дата на вписване в системата Местоположение - отдел Цена в лева Систематично азбучна сигнатура Баркод Цена в евро Служебен тип на артикула
  Не е изгубен Universal Decimal Classification Не е повреден само за читалня ползва се в читалня 874995 Регионална библиотека "Любен Каравелов" Русе Регионална библиотека "Любен Каравелов" Русе Краезнание 2022-03-14 Краезнание 2.00 К 33/О 95 120000868068 1.02 Книги
Vip Innovations Ltd, Rousse, Bulgaria 2025